Lord Jim

Bibliographic Details
Main Author: Conrad, Joseph 1857-1924
Other Authors: West, Clare
Format: Book
Language:English
Published: Oxford Oxford University Press 2001
Edition:2nd ed.
Series:Oxford bookworms library
Subjects:
LEADER 00602cam a2200205 a 4500
001 0000132075
005 20120523090000.0
040 |a mod 
041 |a eng 
020 |a 0194230376 (pbk.) 
090 0 0 |a FK  |b CON  |e 2001 
100 1 |a Conrad, Joseph  |d 1857-1924 
245 1 0 |a Lord Jim  |c Joseph Conrad  |f retold by Clare West 
250 |a 2nd ed. 
260 |a Oxford  |b Oxford University Press  |c 2001 
300 |a 104 p.  |b ill.  |c 20 cm 
490 0 |a Oxford bookworms library 
650 0 0 |a Readers (Elementary)  |x Fiction 
700 1 |a West, Clare 
999 |a B000017775  |b IJED  |d BOOKS  |e Fiksyen (F)  |f 4 DIV  |j AVAILABLE  |q GOOD CONDITION